000
00290nam a2200133Ia 4500
100
_a
Desphande/M.K
650
_a
General
942
_c
RB
654
_a
Dictonary
245
_a
Marathi- English Dictonary
260
_b
Iuvichar Prakashan
_a
Poona
_c
1984
300
_a
634
546
_a
ENGLISH
999
_c
33949
_d
33949